[Event "Galicia-ch U14"]
[Site "Padron"]
[Date "2023.02.19"]
[Round "4"]
[White "Ibanez Cruces, Diego"]
[Black "Pena Montenegro, Mateo"]
[Result "1-0"]
[WhiteElo "1809"]
[BlackElo "1317"]
[PlyCount "73"]
[EventDate "2023.02.18"]
[EventType "swiss"]
[EventRounds "8"]
[EventCountry "ESP"]
[SourceTitle "EXT 2024"]
[Source "ChessBase"]
[SourceDate "2023.10.10"]
[SourceVersion "1"]
[SourceVersionDate "2023.10.10"]
[SourceQuality "1"]

1. d4 d5 2. c4 e6 3. Nf3 Nf6 4. Nc3 Bb4 5. Qc2 h6 6. e3 Nbd7 7. cxd5 Nxd5 8. Bd2 N7f6 9. Nxd5 Nxd5 10. Rc1 Bxd2+ 11. Qxd2 0-0 12. Bd3 Bd7 13. 0-0 Bc6 14. Ne5 Ne7 15. Bb1 Qd5 16. f3 Rad8 17. Qc2 f5 18. Qf2 f4 19. Qc2 Nf5 20. Nxc6 bxc6 21. exf4 Qxd4+ 22. Kh1 Qxf4 23. Qxc6 Rf6 24. Rfe1 Qd2 25. Qxc7 Nh4 26. Qc2 Nxg2 27. Qh7+ Kf7 28. Rc7+ Rd7 29. Rxd7+ Qxd7 30. Rg1 Qd2 31. Bc2 Qf2 32. Be4 Rxf3 33. Qg6+ Kf8 34. Bxf3 Nf4 35. Qxg7+ Ke8 36. Bc6+ Kd8 37. Qd7# 1-0

[Event "Pontevedra op-B 10th"]
[Site "Pontevedra"]
[Date "2022.07.29"]
[Round "8.24"]
[White "Lopez Sanchez, Ivan"]
[Black "Pena Montenegro, Mateo"]
[Result "1-0"]
[WhiteElo "1141"]
[BlackElo "1202"]
[PlyCount "93"]
[EventDate "2022.07.24"]
[EventType "swiss"]
[EventRounds "9"]
[EventCountry "ESP"]
[SourceTitle "EXT 2023"]
[Source "ChessBase"]
[SourceDate "2022.10.05"]
[SourceVersion "1"]
[SourceVersionDate "2022.10.05"]
[SourceQuality "1"]

1. d4 d5 2. c4 e6 3. Nc3 Nf6 4. cxd5 exd5 5. Bg5 Bd6 6. e3 0-0 7. Bd3 h6 8. Bxf6 Qxf6 9. Nxd5 Qg5 10. Qf3 Bg4 11. Qe4 g6 12. Qxg4 Qxd5 13. Ne2 Qa5+ 14. Nc3 Bb4 15. 0-0 Bxc3 16. bxc3 Nc6 17. Be4 h5 18. Qg3 g5 19. d5 g4 20. dxc6 bxc6 21. Qf4 Qxc3 22. Qg5+ Qg7 23. Qxh5 Rae8 24. Bf5 Rd8 25. Qxg4 Rfe8 26. Qxg7+ Kxg7 27. Rfd1 Rxd1+ 28. Rxd1 Rb8 29. a4 c5 30. Rd7 Kf6 31. g4 Rb7 32. Rd5 c4 33. a5 c3 34. Rc5 Rb3 35. g5+ Ke7 36. Rc6 Kd8 37. Kh1 Rb5 38. Bd3 Rxa5 39. Rxc3 Ra1+ 40. Kg2 a5 41. h4 Ra4 42. Rc4 Rxc4 43. Bxc4 Ke7 44. Kf3 f6 45. g6 Kf8 46. h5 a4 47. g7+ 1-0